|
|
|
|
| LEADER |
00000nab a2200000 a 4500 |
| 001 |
vtls008982170 |
| 003 |
SK-MaSNL |
| 005 |
20260303065200.0 |
| 008 |
140301c2007 xo qr|p|||||||000 b|slo |
| 015 |
|
|
|a SNBRB2007/04
|2 snkbucl
|
| 038 |
|
|
|a SNKBUCL
|
| 040 |
|
|
|a SNKBUCL
|b slo
|c SNKBUCL
|e AACR2
|
| 041 |
0 |
|
|a slo
|
| 044 |
|
|
|a xo
|c SK
|
| 080 |
|
|
|a 78.079:785.161
|2 2001
|
| 080 |
|
|
|a 785.161
|2 2001
|
| 100 |
1 |
|
|a Motyčka, Peter,
|d 1978-
|4 aut
|9 184766
|
| 245 |
1 |
0 |
|a Jazz FOR SAle 2006
|b XV. ročník, 4., 11., 18. november, Košice, historická radnica
|c Peter Motyčka
|
| 300 |
|
|
|b Fotogr.
|
| 611 |
2 |
7 |
|a Jazz FOR SAle
|n (15. :
|d 2006 :
|c Košice, Slovensko)
|2 snkbucl
|9 1064876
|
| 651 |
|
7 |
|a Košice (Slovensko)
|2 snkbucl
|9 18694
|
| 773 |
0 |
|
|t Hudba
|g Roč. II, č. I. Q (2007), s. 44-47
|x 1336-8044
|
| 852 |
|
|
|a SNK
|b KIS3GCP
|
| 958 |
|
|
|a SK
|
| 999 |
|
|
|c 1750179
|d 1752109
|